A year of change (Record no. 78894)

MARC details
000 -LEADER
fixed length control field 00863cab a22001935a 4500
001 - CONTROL NUMBER
control field L138500
008 - FIXED-LENGTH DATA ELEMENTS--GENERAL INFORMATION
fixed length control field 070614s2007 xxk f s 000 0 eng d
035 ## - SYSTEM CONTROL NUMBER
System control number (Sirsi) u138500
041 0# - LANGUAGE CODE
Language code of text/sound track or separate title eng
100 1# - MAIN ENTRY--PERSONAL NAME
Personal name Fisher, Liz
245 02 - TITLE STATEMENT
Title A year of change
260 ## - PUBLICATION, DISTRIBUTION, ETC.
Date of publication, distribution, etc. 2007
490 ## - SERIES STATEMENT
Series statement Accountancy
Volume/sequential designation 139(1366), June 2007, 22-24(3)
520 ## - SUMMARY, ETC.
Summary, etc. Presents statistics from a survey of networks and associations of accountancy firms during the last year. Reports the fee incomes, number of member firms, presence, partners and professional staff employed by each firm. Identifies the changing nature of legal frameworks as the main change of the last year. Growth has been strong in Brazil, Russia, India and China. Reports on emerging networks.
590 ## - LOCAL NOTE (RLIN)
Local note KA
651 #4 - SUBJECT ADDED ENTRY--GEOGRAPHIC NAME
Geographic name International
690 ## - LOCAL SUBJECT ADDED ENTRY--TOPICAL TERM (OCLC, RLIN)
Topical term or geographic name as entry element MANAGEMENT-BUSINESS MANAGEMENT-COMMUNICATION
942 ## - ADDED ENTRY ELEMENTS (KOHA)
Suppress in OPAC 0
Holdings
Withdrawn status Lost status Source of classification or shelving scheme Damaged status Not for loan Home library Current library Shelving location Date acquired Total Checkouts Full call number Barcode Date last seen Copy number Price effective from Koha item type
    Dewey Decimal Classification     London London Journal article 14/06/2007   L138500 138500-1001 06/08/2019 1 06/08/2019 Journal article